Culture Générale - Série 1766 - Statistiques

Statistiques générales
  • Ce quiz a été pris 246 fois
  • Le résultat moyen est 6 sur 10
Statistiques - réponses
Question Réponse % Correct
Quel animal peut être marteau, tigre ou pèlerin ? requin
98%
Quel philosophe conclut “Je pense, donc je suis.” ? René Descartes
81%
Comment appelle-t-on le point le plus haut du Soleil dans sa course ? zénith
77%
Quel célèbre égyptologue fut le premier à déchiffrer les hiéroglyphes ? Jean-François Champollion
73%
À qui doit-on le célèbre poème commençant par « Demain dès l’aube, à l’heure où blanchit la campagne… » ? Victor Hugo
65%
Dans quel pays la cité antique de Palmyre, dont les ruines ont été pillées et en partie détruites, se situe-t-elle ? Syrie
63%
De quel écrivain la "Comédie humaine" est-elle la grande œuvre ? Honoré de Balzac
62%
Dans quel pays se trouve le mont Elbrouz ? Russie
51%
Dans quel univers se situe la « Terre du milieu » ? Le seigneur des anneaux
47%
Qui a écrit "Colline" en 1929 ? Jean Giono
19%
Aucun quiz correspondant
Distribution des résultats
% des personnes avec chaque résultat
Percentile par nombre de réponses
Votre historique - résultats
Vous n’avez pas pris ce quiz